| 000 | 00534nam a2200169 a 4500 | ||
|---|---|---|---|
| 001 | 000044355 | ||
| 005 | 20201002045321.0 | ||
| 008 | 140624s1999 dr a 000 0 spa d | ||
| 020 | _z848952548x | ||
| 040 |
_aDO-SdBNP _bspa _cBNPHU |
||
| 082 |
_axxxxxx _bxxxxxx |
||
| 100 | 1 |
_aContreras, Brisilda _972365 |
|
| 245 | 1 | 0 |
_aFisica 1 manual de práctica de laboratorio / _cBrisilda Contreras, Antonio Fernández. |
| 260 |
_aSanto Domingo : _bIntec, _c1999. |
||
| 300 |
_aiii, 54 p. : _bil. ; _c28 cm. |
||
| 700 | 1 |
_aFernández, Antonio _922068 |
|
| 999 |
_c43844 _d43844 |
||